000 00653nam a22001937a 4500
999 _c59307
_d59307
005 20230116161959.0
008 230116c2021 enk||||| |||| 00| 0 eng d
022 _a0008199X
041 _aeng
245 _aThe Cambridge Quarterly :
_b2021 /
_cEditors K. Boddy, R. Lyne.
260 _aOxford,
_c2019.
300 _aV.
_b28 cm.
653 _aკემბრიჯის ჟურნალი
653 _aლიტერატურული კრიტიკა
653 _aპერიოდიკა
700 _a Boddy, K.
_eრედაქტორი
_916687
700 _bLyne, R.
_eრედაქტორი
_95277
942 _2udc
_cCR